Foods derived from modern biotechnology. (Record no. 11494)

000 -LEADER
fixed length control field 01363cam a2200265Ia 4500
020 ## - INTERNATIONAL STANDARD BOOK NUMBER
ISBN 9789251059159
020 ## - INTERNATIONAL STANDARD BOOK NUMBER
ISBN 9251059152
040 ## - CATALOGING SOURCE
Transcribing agency BTCTA
082 ## - DEWEY DECIMAL CLASSIFICATION NUMBER
Classification number 664 WOR 2009 A038 Or.
245 00 - TITLE STATEMENT
Title Foods derived from modern biotechnology.
250 ## - EDITION STATEMENT
Edition statement 2nd ed.
260 ## - PUBLICATION, DISTRIBUTION, ETC. (IMPRINT)
Place of publication Rome :
Name of publisher World Health Organization :
-- Food and Agriculture Organization of the United Nations,
Year of publication 2009.
300 ## - PHYSICAL DESCRIPTION
Number of Pages 76 p. ;
Dimensions 25 cm.
490 1# - SERIES STATEMENT
Series statement Codex alimentarius,
500 ## - GENERAL NOTE
General note "This second edition includes texts adopted by the Codex Alimentarius Commission up to 2008"--Pref.
520 ## - SUMMARY, ETC.
Summary, etc The texts in this publication represent the outcome of the work of the Codex Alimentarius Commission on principles and guidelines for food safety assessment of foods derived from modern biotechnology. They give guidance on how to assess the safety of such foods and thus protect the health of consumers. This edition includes texts adopted by the Codex Alimentarius Commission up to 2008.--Publisher's description.
650 #0 - SUBJECT ADDED ENTRY--TOPICAL TERM
Topical Term Food
650 #0 - SUBJECT ADDED ENTRY--TOPICAL TERM
Topical Term Genetically modified foods
650 #0 - SUBJECT ADDED ENTRY--TOPICAL TERM
Topical Term Food adulteration and inspection
710 2# - ADDED ENTRY--CORPORATE NAME
Corporate name or jurisdiction name as entry element Joint FAO/WHO Codex Alimentarius Commission.
710 2# - ADDED ENTRY--CORPORATE NAME
Corporate name or jurisdiction name as entry element World Health Organization.
710 2# - ADDED ENTRY--CORPORATE NAME
Corporate name or jurisdiction name as entry element Food and Agriculture Organization of the United Nations.
856 11 - ELECTRONIC LOCATION AND ACCESS
Uniform Resource Identifier ftp://ftp.fao.org/docrep/fao/011/a1554e/a1554e00.pdf
942 ## - ADDED ENTRY ELEMENTS (KOHA)
Koha item type សៀវភៅភាសាអង់គ្លេស
952 ## - LOCATION AND ITEM INFORMATION (KOHA)
Withdrawn status [LOCAL, KOHA] 0
952 ## - LOCATION AND ITEM INFORMATION (KOHA)
Withdrawn status [LOCAL, KOHA] 0
952 ## - LOCATION AND ITEM INFORMATION (KOHA)
Withdrawn status [LOCAL, KOHA] 0
952 ## - LOCATION AND ITEM INFORMATION (KOHA)
Withdrawn status [LOCAL, KOHA] 0
Holdings
Permanent Location Date acquired Koha item type Lost status Shelving location Barcode Current Location Full call number
Library Block A2017-08-03សៀវភៅភាសាអង់គ្លេស A038RUA060310Library Block A664 WOR 2009 A038 Or.
Library Block A2017-08-03សៀវភៅភាសាអង់គ្លេស A038RUA059866Library Block A664 WOR 2009 A038 Or.
Library Block A2017-08-03សៀវភៅភាសាអង់គ្លេស A038RUA060441Library Block A664 WOR 2009 A038 Or.
Library Block A2017-08-03សៀវភៅភាសាអង់គ្លេស A038RUA060381Library Block A664 WOR 2009 A038 Or.
មជ្ឈមណ្ឌលឯការនៃសាកលវិទ្យាល័យភូមិន្ទកសិកម្មចំការដូង

Powered by Koha